ATRYBUTY ROLNIKA - Statystyki

Ogólne statystyki
  • Ten quiz został rozwiązany 218 razy
  • Średni wynik to 3 z 5
Statystyki odpowiedzi
Odpowiedź % Poprawnych
WIDŁY
79%
TRAKTOR
78%
KOMBAJN
54%
GRABIE
30%
KOSA
27%
Nie znaleziono quizów pasujących do podanych kryteriów
Rozkład punktacji
Procent ludzi z każdym wynikiem
Percentyl według liczby udzielonych odpowiedzi
Twoja historia wyników
Nie rozwiązałeś tego quizu